Представление документа в формате MARC21

Поле Инд. ПП Название Значение
Тип записи a
Библиографический уровень b
001 Контрольный номер 4eed7abc9777494fb71d4c44024aa3a9
005 Дата корректировки 20220427155413.2
024 80 a Стандартный номер DOI: 10.3367/UFNe.0181.201103g.0335
040 a Служба первич. каталог. Web of Science
041 0_ a Код языка текста rus
097 a Костяева О.Г.
100 1_ a Автор Abov Yu G.
100 1_ a Автор Velikhov E. P.
100 1_ q Полное имя Оганесян Юрий Цолакович
g Прочие сведения РИНЦ AuthorID: 21136 (http://elibrary.ru/author_profile.asp?id= 21136); Scopus Author ID: 35401658500 (https://www.scopus.com/authid/detail.uri?authorId=35401658500)
u Дополнение Оганесян Ю. Ц.; Oganessian Yu Ts
a Автор Oganessian Yu. Ts.
i 000091251
100 1_ a Автор Sissakian A. N.
245 10 a Заглавие In memory of Yury Vladimirovich Gaponov
773 18 t Название источника Physics-Uspekhi
d Место и дата издания 2011
b Сведения об издании Turpion Limited
b Сведения об издании IOP Publishing Ltd.
c RUSSIA; ENGLAND
m Специф. данные входит в Scopus;входит в WoS;Входит в ядро РИНЦ;журнал из перечня ВАК;ненулевой импакт-фактор;
p Phys. Usp.
o Прочие индексы wos 2.301, scopus 2.08, ринц -
x ISSN 1063-7869
g Прочая информация V. 54. - № 3
w Контрольный № источника 271c1318afe54c3bba74688ba6b251f5
901 t Тип документа b
952 c Вид литературы статья в журнале